[Event "Mittelfranken-chTB2b 1819"]
[Site "Mittelfranken"]
[Date "2018.11.04"]
[Round "2.2"]
[White "Hollederer, Manfred"]
[Black "Haberkamp, Carl"]
[Result "0-1"]
[WhiteElo "1825"]
[BlackElo "1900"]
[PlyCount "88"]
[EventDate "2018.10.14"]
[EventType "team-tourn"]
[EventRounds "9"]
[EventCountry "GER"]
[SourceTitle "EXT 2022"]
[Source "ChessBase"]
[SourceDate "2021.10.06"]
[SourceVersion "1"]
[SourceVersionDate "2021.10.06"]
[SourceQuality "1"]
[WhiteTeam "Nuernberg Anderssen"]
[BlackTeam "Erlangen SC IV"]
[WhiteTeamCountry "GER"]
[BlackTeamCountry "GER"]

1. d4 Nf6 2. c4 e6 3. Nf3 b6 4. g3 Bb7 5. Bg2 Be7 6. Nc3 0-0 7. 0-0 Ne4 8. Qb3 Na6 9. Rd1 d5 10. Be3 dxc4 11. Qxc4 Nb4 12. Nxe4 Bxe4 13. a3 Nd5 14. Bd2 f5 15. Ne5 Bd6 16. f3 b5 17. Qxb5 Bc2 18. Rdc1 Bxe5 19. dxe5 Rb8 20. Qc6 Bb3 21. Qxe6+ Kh8 22. Qc6 f4 23. Bc3 fxg3 24. hxg3 Qg5 25. Qd7 Qe3+ 26. Kh1 Rb6 27. e6 Qh6+ 28. Kg1 Rxe6 29. Bxg7+ Qxg7 30. Qxe6 Qxg3 31. Qg4 Qe5 32. Qe4 Qg7 33. e3 Rg8 34. Qd4 Nxe3 35. Qxg7+ Rxg7 36. Kf2 Nxg2 37. Rg1 Nf4 38. Rxg7 Kxg7 39. Ke3 Ne6 40. Rg1+ Kf6 41. Rg8 Bd5 42. Rh8 Kg7 43. Re8 Kf7 44. Rh8 Nf8 0-1

[Event "Mittelfranken-chTB1 1718"]
[Site "Mittelfranken"]
[Date "2018.04.22"]
[Round "8.6"]
[White "Sikorsky, Horst"]
[Black "Haberkamp, Carl"]
[Result "1/2-1/2"]
[WhiteElo "1876"]
[BlackElo "1861"]
[PlyCount "86"]
[EventDate "2017.10.08"]
[EventType "team-tourn"]
[EventRounds "9"]
[EventCountry "GER"]
[SourceTitle "EXT 2022"]
[Source "ChessBase"]
[SourceDate "2021.10.06"]
[SourceVersion "1"]
[SourceVersionDate "2021.10.06"]
[SourceQuality "1"]
[WhiteTeam "Gunzenhausen"]
[BlackTeam "Erlangen SC III"]
[WhiteTeamCountry "GER"]
[BlackTeamCountry "GER"]

1. e4 c6 2. d4 d5 3. e5 Bf5 4. Nf3 e6 5. Be2 c5 6. dxc5 Bxc5 7. c3 Ne7 8. b4 Bb6 9. Bg5 Qc7 10. 0-0 Nd7 11. Bxe7 Kxe7 12. Qd2 h6 13. a4 a5 14. bxa5 Bxa5 15. Qb2 Rhc8 16. Qa3+ Qc5 17. Bb5 Bxb1 18. Bxd7 Qxa3 19. Rxa3 Kxd7 20. Rxb1 b6 21. Rbb3 Rc4 22. Nd4 Rac8 23. f4 Rxc3 24. f5 Rxb3 25. Rxb3 exf5 26. Nxf5 Ke6 27. Nxg7+ Kxe5 28. Re3+ Kf4 29. Rf3+ Ke4 30. Rxf7 d4 31. Re7+ Kd3 32. Nf5 Bd2 33. Re6 Be3+ 34. Nxe3 dxe3 35. Rd6+ Ke2 36. g3 Ke1 37. Rxb6 e2 38. Rd6 Rc2 39. Kg2 Rd2 40. Rb6 Kd1 41. Rb1+ Kc2 42. Re1 Kd3 43. Kf2 Ra2 1/2-1/2

[Event "GER-chT U20"]
[Site "Borken"]
[Date "2016.12.28"]
[Round "3.3"]
[White "Haberkamp, Carl"]
[Black "Von Koslowski, Utz"]
[Result "1/2-1/2"]
[WhiteElo "1909"]
[BlackElo "1885"]
[PlyCount "56"]
[EventDate "2016.12.27"]
[EventType "team-swiss"]
[EventRounds "7"]
[EventCountry "GER"]
[SourceTitle "EXT 2018"]
[Source "ChessBase"]
[SourceDate "2017.10.13"]
[SourceVersion "1"]
[SourceVersionDate "2017.10.13"]
[SourceQuality "1"]
[WhiteTeam "Muenster"]
[BlackTeam "Coswig"]
[WhiteTeamCountry "GER"]
[BlackTeamCountry "GER"]

1. d4 Nf6 2. c4 e6 3. g3 d5 4. Nf3 b6 5. cxd5 exd5 6. Bg2 Bb7 7. 0-0 Be7 8. Nc3 0-0 9. Bf4 Na6 10. Rc1 Ne4 11. Nxe4 dxe4 12. Ne5 c5 13. dxc5 Nxc5 14. Nc4 Qxd1 15. Rfxd1 Rad8 16. Bd6 Bxd6 17. Nxd6 Ba6 18. Rd2 f5 19. b4 Nb7 20. Rcd1 Nxd6 21. Rxd6 Rxd6 22. Rxd6 Bxe2 23. Bf1 Bxf1 24. Kxf1 Rc8 25. Rd7 Rc1+ 26. Kg2 Rc2 27. Rxa7 e3 28. Kf3 e2 1/2-1/2

[Event "GER-chT U20"]
[Site "Borken"]
[Date "2016.12.27"]
[Round "2.3"]
[White "Pilat, Fabian"]
[Black "Haberkamp, Carl"]
[Result "1-0"]
[WhiteElo "1963"]
[BlackElo "1909"]
[PlyCount "45"]
[EventDate "2016.12.27"]
[EventType "team-swiss"]
[EventRounds "7"]
[EventCountry "GER"]
[SourceTitle "EXT 2018"]
[Source "ChessBase"]
[SourceDate "2017.10.13"]
[SourceVersion "1"]
[SourceVersionDate "2017.10.13"]
[SourceQuality "1"]
[WhiteTeam "Bochum"]
[BlackTeam "Muenster"]
[WhiteTeamCountry "GER"]
[BlackTeamCountry "GER"]

1. d4 Nf6 2. Nf3 e6 3. e3 b6 4. Bd3 Bb7 5. 0-0 Be7 6. b3 0-0 7. Bb2 Ne4 8. Nbd2 f5 9. c4 d6 10. Qc2 Nxd2 11. Nxd2 Nd7 12. e4 fxe4 13. Nxe4 h6 14. Rae1 e5 15. Qe2 exd4 16. Bxd4 Ne5 17. Bb1 Nc6 18. Bb2 Bc8 19. Ng3 Rf4 20. Qd3 Bf6 21. Qh7+ Kf8 22. Bxf6 Rxf6 23. Nh5 1-0

[Event "Muensterland Verbandsliga 1516"]
[Site "Germany"]
[Date "2016.01.16"]
[Round "5.1"]
[White "Haberkamp, Carl"]
[Black "Schulze Ameling, Hendrik"]
[Result "0-1"]
[WhiteElo "1865"]
[BlackElo "2003"]
[PlyCount "184"]
[EventDate "2015.09.12"]
[EventType "team"]
[EventRounds "9"]
[EventCountry "GER"]
[SourceTitle "EXT 2017"]
[Source "ChessBase"]
[SourceDate "2016.10.25"]
[SourceVersion "1"]
[SourceVersionDate "2016.10.25"]
[SourceQuality "1"]
[WhiteTeam "Muenster SK V"]
[BlackTeam "Ahaus Wessum"]
[WhiteTeamCountry "GER"]
[BlackTeamCountry "GER"]

1. d4 f5 2. g3 Nf6 3. Nf3 g6 4. Bg2 Bg7 5. 0-0 0-0 6. c4 d6 7. Nc3 c6 8. b3 Na6 9. Bb2 Qe8 10. d5 Nc7 11. Rc1 Bd7 12. Nd4 Rd8 13. Rc2 g5 14. e3 c5 15. Ne6 Nxe6 16. dxe6 Bxe6 17. Bxb7 Qg6 18. Bd5 Nxd5 19. Nxd5 Rf7 20. f4 h6 21. Qd2 Bc8 22. Qa5 Rd7 23. Bxg7 Qxg7 24. Nc7 e6 25. Nb5 gxf4 26. Rxf4 Qa1+ 27. Rf1 Qe5 28. Qc3 Qe4 29. Rf4 Qc6 30. Rh4 Kh7 31. e4 f4 32. gxf4 Rg7+ 33. Kf2 Qxe4 34. Kf1 Qh1+ 35. Ke2 Rg2+ 36. Ke3 Qg1+ 37. Kd3 Qf1+ 38. Ke3 Qg1+ 39. Kd3 Rdg7 40. Rxg2 Qxg2 41. Qd2 Qg6+ 42. Ke3 Qf6 43. Rh3 e5 44. Rf3 Bb7 45. Rf2 Re7 46. f5 Qg5+ 47. Ke2 Qh5+ 48. Kf1 Bf3 49. Qxd6 Rg7 50. Qxe5 Qg5 51. Qxg7+ Kxg7 52. Rxf3 Kf6 53. Nc3 Qc1+ 54. Kg2 Qc2+ 55. Kg3 h5 56. Nd5+ Kf7 57. Rf2 Qe4 58. Rf4 Qe2 59. f6 Qxa2 60. Rf3 Qe2 61. Re3 Qg4+ 62. Kf2 h4 63. h3 Qd4 64. Kf3 a5 65. Rc3 Qg1 66. Ke2 Qg2+ 67. Ke1 Qa2 68. Kf1 a4 69. bxa4 Qxa4 70. Kf2 Qd1 71. Kg2 Qe2+ 72. Kg1 Kf8 73. Kh1 Qf2 74. Ra3 Qf1+ 75. Kh2 Qe2+ 76. Kg1 Qxc4 77. Ra8+ Kf7 78. Ra7+ Kg6 79. Rg7+ Kh6 80. Ne3 Qd4 81. Re7 c4 82. Kg2 Qf4 83. Ng4+ Kg6 84. f7 Qd2+ 85. Kf3 Qd3+ 86. Kf4 Qg3+ 87. Ke4 Qe1+ 88. Ne3 Kg7 89. Kf4 Qf2+ 90. Ke4 c3 91. Rc7 Qe1 92. Kf3 Qg3+ 0-1

[Event "GER-chT U20"]
[Site "Osnabrueck"]
[Date "2015.12.28"]
[Round "3.5"]
[White "Haberkamp, Carl"]
[Black "Wasielewski, Kim Luca"]
[Result "1-0"]
[WhiteElo "1907"]
[BlackElo "1751"]
[PlyCount "85"]
[EventDate "2015.12.27"]
[EventType "team-swiss"]
[EventRounds "7"]
[EventCountry "GER"]
[SourceTitle "EXT 2017"]
[Source "ChessBase"]
[SourceDate "2016.10.25"]
[SourceVersion "1"]
[SourceVersionDate "2016.10.25"]
[SourceQuality "1"]
[WhiteTeam "Muenster"]
[BlackTeam "Heilbronn"]
[WhiteTeamCountry "GER"]
[BlackTeamCountry "GER"]

1. d4 Nf6 2. c4 g6 3. Nc3 d5 4. cxd5 Nxd5 5. Bd2 Bg7 6. e4 Nb6 7. Be3 Nc6 8. d5 Ne5 9. Bd4 0-0 10. f4 Bg4 11. Be2 Bxe2 12. Qxe2 Nec4 13. Bxg7 Kxg7 14. Nf3 Qd6 15. b3 Qb4 16. 0-0 Nd6 17. Qd3 Kg8 18. Nd4 Nd7 19. a3 Nc5 20. axb4 Nxd3 21. b5 Rfd8 22. Rf3 Nc5 23. Re3 Kf8 24. g4 Ne8 25. e5 Ng7 26. f5 e6 27. b4 Nd7 28. f6 Ne8 29. dxe6 Kg8 30. exd7 Rxd7 31. Nb3 b6 32. Kf2 Rad8 33. Ke2 c6 34. bxc6 Rc7 35. b5 Rcc8 36. Rxa7 Nc7 37. Nd2 Ne6 38. Nc4 Nd4+ 39. Kf2 Nc2 40. Nd6 Nxe3 41. Kxe3 Ra8 42. Rxa8 Rxa8 43. c7 1-0

[Event "GER-chT U20"]
[Site "Osnabrueck"]
[Date "2015.12.27"]
[Round "1.5"]
[White "Haberkamp, Carl"]
[Black "Hermann, Tobias"]
[Result "1-0"]
[WhiteElo "1907"]
[BlackElo "1836"]
[PlyCount "59"]
[EventDate "2015.12.27"]
[EventType "team-swiss"]
[EventRounds "7"]
[EventCountry "GER"]
[SourceTitle "EXT 2017"]
[Source "ChessBase"]
[SourceDate "2016.10.25"]
[SourceVersion "1"]
[SourceVersionDate "2016.10.25"]
[SourceQuality "1"]
[WhiteTeam "Muenster"]
[BlackTeam "Eppingen"]
[WhiteTeamCountry "GER"]
[BlackTeamCountry "GER"]

1. d4 d5 2. c4 e6 3. Nf3 Nf6 4. g3 Nbd7 5. Bg2 b6 6. cxd5 Nxd5 7. 0-0 Bb7 8. a3 Be7 9. Re1 N5f6 10. Nc3 c5 11. e4 0-0 12. d5 exd5 13. e5 Ne8 14. Nxd5 Nc7 15. Nxe7+ Qxe7 16. Bg5 Qe8 17. Nd2 Bxg2 18. Kxg2 Ne6 19. Bf4 f6 20. exf6 Nxf6 21. Qb3 Qc6+ 22. f3 Rfe8 23. Rad1 Kh8 24. Nc4 Nxf4+ 25. gxf4 Nd5 26. Ne5 Nxf4+ 27. Kh1 Qc7 28. Nf7+ Kg8 29. Nh6+ Kf8 30. Qg8# 1-0

[Event "Muensterland Regionalliga 1415"]
[Site "Germany"]
[Date "2015.05.16"]
[Round "9.8"]
[White "Haberkamp, Carl"]
[Black "Freitag, Michael"]
[Result "1/2-1/2"]
[WhiteElo "1869"]
[BlackElo "1682"]
[PlyCount "34"]
[EventDate "2014.09.20"]
[EventType "team-tourn"]
[EventRounds "9"]
[EventCountry "GER"]
[SourceTitle "EXT 2016"]
[Source "ChessBase"]
[SourceDate "2015.10.08"]
[SourceVersion "1"]
[SourceVersionDate "2015.10.08"]
[SourceQuality "1"]
[WhiteTeam "Muenster III"]
[BlackTeam "Steinfurt"]
[WhiteTeamCountry "GER"]
[BlackTeamCountry "GER"]

1. d4 d5 2. c4 e6 3. Nf3 f5 4. Nc3 c6 5. Bf4 Bd6 6. Bxd6 Qxd6 7. e3 Nf6 8. c5 Qe7 9. b4 b6 10. a4 a5 11. bxa5 bxc5 12. dxc5 Qxc5 13. Qd4 Qxa5 14. Nd2 c5 15. Bb5+ Nbd7 16. Qxc5 Kf7 17. Qa3 Ba6 1/2-1/2

[Event "Muensterland Verbandsliga 1415"]
[Site "Germany"]
[Date "2015.03.14"]
[Round "7.1"]
[White "Haberkamp, Carl"]
[Black "Hofene, Dieter"]
[Result "1/2-1/2"]
[WhiteElo "1842"]
[BlackElo "1928"]
[PlyCount "30"]
[EventDate "2014.09.06"]
[EventType "team-tourn"]
[EventRounds "9"]
[EventCountry "GER"]
[SourceTitle "EXT 2016"]
[Source "ChessBase"]
[SourceDate "2015.10.08"]
[SourceVersion "1"]
[SourceVersionDate "2015.10.08"]
[SourceQuality "1"]
[WhiteTeam "Muenster V"]
[BlackTeam "Beelen"]
[WhiteTeamCountry "GER"]
[BlackTeamCountry "GER"]

1. d4 d5 2. c4 c6 3. Nf3 Nf6 4. cxd5 cxd5 5. Nc3 Nc6 6. Bf4 a6 7. Rc1 Qb6 8. Na4 Qa5+ 9. Bd2 Qd8 10. e3 e6 11. Qb3 Ne4 12. Nb6 Nxd2 13. Nxd2 Rb8 14. a3 Bd7 15. Nxd7 Qxd7 1/2-1/2

[Event "Muensterland Verbandsliga 1415"]
[Site "Germany"]
[Date "2014.11.08"]
[Round "3.1"]
[White "Monsma, Menno"]
[Black "Haberkamp, Carl"]
[Result "1-0"]
[WhiteElo "2055"]
[BlackElo "1842"]
[PlyCount "61"]
[EventDate "2014.09.06"]
[EventType "team-tourn"]
[EventRounds "9"]
[EventCountry "GER"]
[SourceTitle "EXT 2016"]
[Source "ChessBase"]
[SourceDate "2015.10.08"]
[SourceVersion "1"]
[SourceVersionDate "2015.10.08"]
[SourceQuality "1"]
[WhiteTeam "Gronau"]
[BlackTeam "Muenster V"]
[WhiteTeamCountry "GER"]
[BlackTeamCountry "GER"]

1. d4 Nf6 2. c4 e6 3. Nc3 Bb4 4. f3 c5 5. d5 exd5 6. cxd5 d6 7. e4 0-0 8. Bd3 Nbd7 9. Nge2 a6 10. 0-0 b5 11. Bc2 Ba5 12. Ng3 Ne5 13. Nh1 Bb6 14. Nf2 Bd7 15. Kh1 b4 16. Ne2 c4 17. Nd4 Rc8 18. Be3 Bb5 19. f4 Ned7 20. Re1 Nc5 21. Qf3 Ba5 22. Nxb5 axb5 23. Re2 Na4 24. e5 dxe5 25. fxe5 Nd7 26. Bd4 Bb6 27. Qe4 g6 28. Ng4 Bxd4 29. Qxd4 h5 30. e6 fxe6 31. Rxe6 1-0

[Event "Muensterland Verbandsklasse 1314"]
[Site "Germany"]
[Date "2013.10.12"]
[Round "2.5"]
[White "Mast, Holger"]
[Black "Haberkamp, Carl"]
[Result "0-1"]
[WhiteElo "1664"]
[BlackElo "1801"]
[PlyCount "69"]
[EventDate "2013.09.21"]
[EventType "team-tourn"]
[EventRounds "9"]
[EventCountry "GER"]
[SourceTitle "EXT 2015"]
[Source "ChessBase"]
[SourceDate "2014.11.20"]
[SourceVersion "1"]
[SourceVersionDate "2014.11.20"]
[SourceQuality "1"]
[WhiteTeam "Ahaus Wessum II"]
[BlackTeam "Muenster SK V"]
[WhiteTeamCountry "GER"]
[BlackTeamCountry "GER"]

1. e4 c6 2. d4 d5 3. exd5 cxd5 4. Nc3 Nc6 5. Nf3 Bg4 6. Be2 Nf6 7. Ne5 Bxe2 8. Nxe2 e6 9. 0-0 Bd6 10. f4 Qc7 11. Be3 Rc8 12. Ng3 b5 13. Nh5 Nxh5 14. Qxh5 g6 15. Qh6 Bf8 16. Qh3 Bg7 17. c3 0-0 18. Rf3 Na5 19. Raf1 Nc4 20. Bc1 Nd6 21. Kh1 a5 22. a3 b4 23. g4 bxa3 24. bxa3 a4 25. Qh4 Qd8 26. Rh3 Qxh4 27. Rxh4 Ne4 28. Nd7 Rfd8 29. Nb6 Rc6 30. Nxa4 Nxc3 31. Nxc3 Rxc3 32. Bb2 Rb3 33. Bc1 Bxd4 34. Kg2 Rc8 35. Rh3 0-1

[Event "Dortmund Sparkassen op-B"]
[Site "Dortmund"]
[Date "2013.07.31"]
[Round "5"]
[White "Haberkamp, Carl"]
[Black "Stratmann, Lars"]
[Result "1-0"]
[WhiteElo "1712"]
[BlackElo "1519"]
[PlyCount "51"]
[EventDate "2013.07.27"]
[EventType "swiss"]
[EventRounds "9"]
[EventCountry "GER"]
[SourceTitle "EXT 2022"]
[Source "ChessBase"]
[SourceDate "2021.10.06"]
[SourceVersion "1"]
[SourceVersionDate "2021.10.06"]
[SourceQuality "1"]

1. d4 d5 2. c4 e6 3. Nf3 Nf6 4. g3 Be7 5. Bg2 0-0 6. 0-0 dxc4 7. Qc2 Nbd7 8. Qxc4 Nb6 9. Qc2 c6 10. Rd1 Bd7 11. a3 a5 12. b3 Rc8 13. Bd2 Na8 14. b4 axb4 15. axb4 Qb6 16. Na3 Nd5 17. Nc4 Qd8 18. Qb3 Nac7 19. e4 Nf6 20. Nb6 Rb8 21. Ne5 Nb5 22. Nec4 Qe8 23. Bf4 Rd8 24. Na3 Nh5 25. Nxb5 Nxf4 26. Nc7 1-0

[Event "Dortmund Sparkassen op-B"]
[Site "Dortmund"]
[Date "2013.07.30"]
[Round "4"]
[White "Tuscher, Albin"]
[Black "Haberkamp, Carl"]
[Result "1/2-1/2"]
[WhiteElo "1572"]
[BlackElo "1712"]
[PlyCount "81"]
[EventDate "2013.07.27"]
[EventType "swiss"]
[EventRounds "9"]
[EventCountry "GER"]
[SourceTitle "EXT 2022"]
[Source "ChessBase"]
[SourceDate "2021.10.06"]
[SourceVersion "1"]
[SourceVersionDate "2021.10.06"]
[SourceQuality "1"]

1. e4 c6 2. d4 d5 3. Nc3 dxe4 4. Nxe4 Bf5 5. Ng3 Bg6 6. Nf3 Nd7 7. Bd3 Bxd3 8. Qxd3 Ngf6 9. 0-0 e6 10. Bd2 Be7 11. c4 0-0 12. Rad1 c5 13. Bc3 cxd4 14. Bxd4 Nb6 15. Qe2 Qc7 16. b3 Rfd8 17. Rd3 a5 18. Rfd1 Nbd7 19. h3 a4 20. Nf5 exf5 21. Qxe7 Re8 22. Qb4 axb3 23. axb3 h6 24. Be3 f4 25. Bd4 Ra2 26. Re1 Ree2 27. Rxe2 Rxe2 28. Rd2 Re8 29. Qb5 Ne4 30. Re2 Re7 31. Qb4 Re8 32. Nd2 Ndf6 33. Nf3 g5 34. Qe1 Qd7 35. Be5 Qc6 36. Nd4 Qd7 37. Rxe4 Nxe4 38. Qxe4 Qe7 39. Nf3 Qd7 40. Qd4 Qc7 41. Qd6 1/2-1/2

[Event "Muensterland Verbandsklasse-A 1213"]
[Site "Germany"]
[Date "2012.12.15"]
[Round "4.8"]
[White "Haberkamp, Carl"]
[Black "Messelink, Gerrit"]
[Result "0-1"]
[WhiteElo "1725"]
[BlackElo "1581"]
[PlyCount "114"]
[EventDate "2012.09.15"]
[EventType "team-tourn"]
[EventRounds "9"]
[EventCountry "GER"]
[SourceTitle "EXT 2015"]
[Source "ChessBase"]
[SourceDate "2014.11.20"]
[SourceVersion "1"]
[SourceVersionDate "2014.11.20"]
[SourceQuality "1"]
[WhiteTeam "Muenster SK IV"]
[BlackTeam "Ahaus Wessum"]
[WhiteTeamCountry "GER"]
[BlackTeamCountry "GER"]

1. d4 Nf6 2. Nf3 g6 3. g3 Bg7 4. Bg2 d6 5. 0-0 c6 6. c4 Be6 7. Qb3 Qc7 8. Nc3 b5 9. Nd2 bxc4 10. Nxc4 Nbd7 11. Qb4 Nd5 12. Nxd5 Bxd5 13. e4 Bxc4 14. Qxc4 Rb8 15. Rb1 0-0 16. Be3 Rb7 17. Rfc1 Rc8 18. Rc2 Qb8 19. b3 Rbc7 20. Rbc1 Kf8 21. Bh3 Qb7 22. d5 c5 23. b4 Ne5 24. Qe2 Qxb4 25. Bxc8 Qxe4 26. f4 Nf3+ 27. Kf2 Nd4 28. Bxd4 Bxd4+ 29. Ke1 Qh1+ 30. Qf1 Qxf1+ 31. Kxf1 Rxc8 32. Rb1 Rc7 33. Rb8+ Kg7 34. Ke2 Kf6 35. Kf3 e6 36. Ke4 h6 37. Rc1 Ke7 38. Rcb1 f5+ 39. Kd3 exd5 40. R1b7 Kd7 41. Rxc7+ Kxc7 42. Rg8 Bg1 43. h3 c4+ 44. Kc3 Kc6 45. Rxg6 Kc5 46. Rxh6 d4+ 47. Kc2 d3+ 48. Kd2 d5 49. Rh8 Kd4 50. Rc8 Bf2 51. g4 fxg4 52. hxg4 Be3+ 53. Kd1 Bxf4 54. Rf8 Be3 55. Re8 c3 56. Rxe3 Kxe3 57. g5 c2+ 0-1

[Event "Dortmund Sparkassen op-B"]
[Site "Dortmund"]
[Date "2012.07.17"]
[Round "4"]
[White "Seref, Serkan"]
[Black "Haberkamp, Carl"]
[Result "1/2-1/2"]
[WhiteElo "1690"]
[BlackElo "1527"]
[PlyCount "76"]
[EventDate "2012.07.14"]
[EventType "swiss"]
[EventRounds "9"]
[EventCountry "GER"]
[SourceTitle "EXT 2014"]
[Source "ChessBase"]
[SourceDate "2013.11.20"]
[SourceVersion "1"]
[SourceVersionDate "2013.11.20"]
[SourceQuality "1"]

1. e4 c6 2. d4 d5 3. Nc3 dxe4 4. Nxe4 Bf5 5. Ng3 Bg6 6. f4 e6 7. Nf3 Bd6 8. Bd3 Ne7 9. c4 c5 10. 0-0 0-0 11. Kh1 cxd4 12. Ne4 Qb6 13. Nxd6 Bxd3 14. Qxd3 Qxd6 15. Qxd4 Qxd4 16. Nxd4 Nbc6 17. Nxc6 Nxc6 18. Rd1 Rad8 19. Be3 a6 20. Bb6 Rxd1+ 21. Rxd1 h6 22. Rd7 Rc8 23. Rxb7 Nb4 24. c5 Nd5 25. g3 Nxb6 26. cxb6 Rc1+ 27. Kg2 Rc2+ 28. Kh3 Rxb2 29. a4 a5 30. Rb8+ Kh7 31. b7 Kg6 32. Kg4 Rb3 33. Ra8 Rxb7 34. Rxa5 Rb3 35. Rb5 Ra3 36. a5 f6 37. Kh4 Ra4 38. Kh3 Ra2 1/2-1/2

[Event "Dortmund Sparkassen op-B"]
[Site "Dortmund"]
[Date "2012.07.16"]
[Round "3"]
[White "Haberkamp, Carl"]
[Black "Wiesemann, Peter"]
[Result "1-0"]
[WhiteElo "1527"]
[BlackElo "1731"]
[PlyCount "33"]
[EventDate "2012.07.14"]
[EventType "swiss"]
[EventRounds "9"]
[EventCountry "GER"]
[SourceTitle "EXT 2014"]
[Source "ChessBase"]
[SourceDate "2013.11.20"]
[SourceVersion "1"]
[SourceVersionDate "2013.11.20"]
[SourceQuality "1"]

1. d4 Nf6 2. Nf3 d5 3. c4 e6 4. g3 Be7 5. Bg2 0-0 6. 0-0 b6 7. cxd5 exd5 8. Nc3 Bb7 9. Qc2 Nbd7 10. Bf4 Rc8 11. Nb5 c6 12. Nxa7 Ra8 13. Nxc6 Qe8 14. Nxe7+ Qxe7 15. Qc7 Ba6 16. Bd6 Rfc8 17. Qxc8+ 1-0

[Event "NRW-ch U12"]
[Site "Kranenburg"]
[Date "2009.04.15"]
[Round "4"]
[White "Haberkamp, Carl"]
[Black "Tuente, Marcel"]
[Result "1/2-1/2"]
[WhiteElo "1193"]
[BlackElo "1101"]
[PlyCount "41"]
[EventDate "2009.04.13"]
[EventType "swiss"]
[EventRounds "7"]
[EventCountry "GER"]
[SourceTitle "EXT 2010"]
[Source "ChessBase"]
[SourceDate "2010.11.25"]
[SourceVersion "1"]
[SourceVersionDate "2010.11.25"]
[SourceQuality "1"]

1. d4 d5 2. Nf3 Nc6 3. g3 Bf5 4. a3 Nf6 5. Bg2 e6 6. 0-0 Bd6 7. Nc3 0-0 8. Nh4 Bg4 9. h3 Bh5 10. Nf3 Bxf3 11. Bxf3 Nd7 12. Bg2 Qf6 13. e3 a6 14. Qf3 Qxf3 15. Bxf3 Nf6 16. b3 b6 17. Bb2 b5 18. Kh2 b4 19. Ne2 a5 20. Rfc1 Ne7 21. a4 1/2-1/2

[Event "NRW-ch U12"]
[Site "Kranenburg"]
[Date "2009.04.14"]
[Round "2"]
[White "Haberkamp, Carl"]
[Black "Liu, Felix"]
[Result "1-0"]
[WhiteElo "1193"]
[BlackElo "1054"]
[PlyCount "79"]
[EventDate "2009.04.13"]
[EventType "swiss"]
[EventRounds "7"]
[EventCountry "GER"]
[SourceTitle "EXT 2010"]
[Source "ChessBase"]
[SourceDate "2010.11.25"]
[SourceVersion "1"]
[SourceVersionDate "2010.11.25"]
[SourceQuality "1"]

1. d4 d5 2. Nf3 Nc6 3. g3 Bg4 4. Bg2 Bxf3 5. Bxf3 Nf6 6. 0-0 e5 7. dxe5 Nxe5 8. Bg2 Bc5 9. e3 0-0 10. Nc3 c6 11. b3 d4 12. exd4 Bxd4 13. Bb2 Nfg4 14. h3 Nf6 15. Qd2 b5 16. Rad1 Bxc3 17. Bxc3 Qxd2 18. Rxd2 Rfe8 19. Bxe5 Rxe5 20. Bxc6 Rc8 21. Bf3 a5 22. Rfd1 a4 23. Rd8+ Rxd8 24. Rxd8+ Re8 25. Rxe8+ Nxe8 26. bxa4 bxa4 27. Bc6 Nd6 28. Bxa4 g5 29. Bb3 Kg7 30. a4 Nb7 31. Kf1 Kg6 32. Ke2 Kf5 33. f3 h5 34. Bxf7 h4 35. gxh4 gxh4 36. Ke3 Kg5 37. Bd5 Na5 38. c4 Nb3 39. f4+ Kf6 40. Be4 1-0

[Event "NRW-ch U12"]
[Site "Kranenburg"]
[Date "2008.03.29"]
[Round "7"]
[White "Krummsdorf, Sven"]
[Black "Haberkamp, Carl"]
[Result "1/2-1/2"]
[WhiteElo "1295"]
[BlackElo "1275"]
[PlyCount "35"]
[EventDate "2008.03.24"]
[EventType "swiss"]
[EventRounds "7"]
[EventCountry "GER"]
[SourceTitle "EXT 2009"]
[Source "ChessBase"]
[SourceDate "2008.11.26"]
[SourceVersion "1"]
[SourceVersionDate "2008.11.26"]
[SourceQuality "1"]

1. d4 e6 2. c4 d5 3. e3 Nf6 4. Nf3 c5 5. Be2 Nc6 6. 0-0 Be7 7. Nc3 0-0 8. b3 b6 9. Bb2 Bb7 10. Rc1 Rc8 11. a3 cxd4 12. exd4 Na5 13. cxd5 Nxd5 14. b4 Nc4 15. Bxc4 Rxc4 16. Nxd5 Bxd5 17. Qd3 Qc8 18. Ne5 1/2-1/2

[Event "NRW-ch U12"]
[Site "Kranenburg"]
[Date "2008.03.27"]
[Round "5"]
[White "Haberkamp, Carl"]
[Black "Schneider, Lukas"]
[Result "1/2-1/2"]
[WhiteElo "1275"]
[BlackElo "1064"]
[PlyCount "36"]
[EventDate "2008.03.24"]
[EventType "swiss"]
[EventRounds "7"]
[EventCountry "GER"]
[SourceTitle "EXT 2009"]
[Source "ChessBase"]
[SourceDate "2008.11.26"]
[SourceVersion "1"]
[SourceVersionDate "2008.11.26"]
[SourceQuality "1"]

1. c4 c5 2. Nc3 g6 3. e3 Bg7 4. d4 cxd4 5. exd4 e6 6. Nf3 Nc6 7. Be3 Nge7 8. Be2 d5 9. cxd5 Nxd5 10. 0-0 Nxe3 11. fxe3 0-0 12. Bd3 e5 13. dxe5 Nxe5 14. Nxe5 Bxe5 15. Qc2 Qh4 16. g3 Bxg3 17. hxg3 Qxg3+ 18. Kh1 Qxe3 1/2-1/2

[Event "NRW-ch U12"]
[Site "Kranenburg"]
[Date "2008.03.25"]
[Round "3"]
[White "Haberkamp, Carl"]
[Black "Glatzel, Jonas"]
[Result "1/2-1/2"]
[WhiteElo "1275"]
[BlackElo "1347"]
[PlyCount "54"]
[EventDate "2008.03.24"]
[EventType "swiss"]
[EventRounds "7"]
[EventCountry "GER"]
[SourceTitle "EXT 2009"]
[Source "ChessBase"]
[SourceDate "2008.11.26"]
[SourceVersion "1"]
[SourceVersionDate "2008.11.26"]
[SourceQuality "1"]

1. c4 Nf6 2. Nc3 e6 3. e3 c5 4. d4 Nc6 5. Nge2 d5 6. cxd5 exd5 7. g3 Be6 8. Bg2 Qd7 9. Nf4 Rd8 10. Nxe6 fxe6 11. 0-0 Be7 12. b3 0-0 13. Ba3 b6 14. Rc1 cxd4 15. Bxe7 Qxe7 16. exd4 Qb4 17. Ne2 Rc8 18. f4 Rc7 19. Qd3 Rfc8 20. Qe3 Nxd4 21. Rxc7 Nxe2+ 22. Qxe2 Rxc7 23. Qxe6+ Kh8 24. Re1 h6 25. Kh1 Ne4 26. Rf1 Qd4 27. Bxe4 Qxe4+ 1/2-1/2